Eastern Utah Libraries Catalog: Duchesne, Heber, Roosevelt, & Vernal

From cradle to grave / (Record no. 413493)

MARC details
000 -LEADER
fixed length control field 03457pam a2200517 i 4500
001 - CONTROL NUMBER
control field 2025027099
003 - CONTROL NUMBER IDENTIFIER
control field DLC
005 - DATE AND TIME OF LATEST TRANSACTION
control field 20251117153135.0
007 - PHYSICAL DESCRIPTION FIXED FIELD--GENERAL INFORMATION
fixed length control field t
008 - FIXED-LENGTH DATA ELEMENTS--GENERAL INFORMATION
fixed length control field 250626t20252025nyu 000 1 eng
010 ## - LIBRARY OF CONGRESS CONTROL NUMBER
LC control number 2025027099
020 ## - INTERNATIONAL STANDARD BOOK NUMBER
International Standard Book Number 9780593641392
Qualifying information (hbk.)
020 ## - INTERNATIONAL STANDARD BOOK NUMBER
Cancelled/invalid ISBN 9780593641415
Qualifying information (ebk.)
035 ## - SYSTEM CONTROL NUMBER
System control number (OCoLC)1501574895
040 ## - CATALOGING SOURCE
Original cataloging agency DLC
Language of cataloging eng
Description conventions rda
Transcribing agency DLC
Modifying agency DLC
-- DLC-MRC
-- DLC
-- DLC-MRC
-- DLC
-- TnLvILS
042 ## - AUTHENTICATION CODE
Authentication code pcc
043 ## - GEOGRAPHIC AREA CODE
Geographic area code e-uk-en
050 00 - LIBRARY OF CONGRESS CALL NUMBER
Classification number PR6052.O848
Item number F76 2025
082 00 - DEWEY DECIMAL CLASSIFICATION NUMBER
Classification number 823/.914
Edition number 23/eng/20251106
092 ## - LOCALLY ASSIGNED DEWEY CALL NUMBER (OCLC)
Classification number fiction
Item number Bowen, Rhys
100 1# - MAIN ENTRY--PERSONAL NAME
Personal name Bowen, Rhys
Relator term author
Relator code aut
-- http://id.loc.gov/vocabulary/relators/ aut
9 (RLIN) 45742
245 10 - TITLE STATEMENT
Title From cradle to grave /
Statement of responsibility, etc Rhys Bowen.
264 #1 - Production, Publication, Distribution, Manufacture, and Copyright Notice.
Place of production, publication, distribution, manufacture [New York, N.Y.] :
Name of producer, publisher, distributor, manufacturer Berkley Prime Crime,
Date of production, publication, distribution, manufacture, or copyr [2025]
264 #4 - Production, Publication, Distribution, Manufacture, and Copyright Notice.
Date of production, publication, distribution, manufacture, or copyr 2025
300 ## - PHYSICAL DESCRIPTION
Extent 336 pages ;
Dimensions 23 cm
336 ## - Content Type
Content type term text
337 ## - Media type
Media type term unmediated
338 ## - Carrier type
Carrier type term volume
490 0# - SERIES STATEMENT
Series statement Royal Spyness Mysteries
Volume number/sequential designation 19
490 1# - SERIES STATEMENT
Series statement Royal spyness mysteries
520 ## - SUMMARY, ETC.
Summary, etc "Lady Georgiana "Georgie" Rannoch is just like any other new mother, balancing responsibilities such as being 34th in line for the British throne and solving the mysterious deaths of several young men, in the newest case from the queen of historical mystery, Rhys Bowen. Georgie may not have much in common with your average new mother, but she does have one thing: a new nanny she despises. Knowing she must find a nanny more suited to her young son, Georgie travels to London to see her old friend ZouZou, only to find her about to depart for a funeral, after the unexpected death of a young man. It quickly becomes clear there's more than one mysterious death around town, when another friend, Georgie Gormsley, reveals he's just returned from the funeral of a school friend, who seemingly drowned while swimming. And then Georgie's best friend, Belinda, receives a telegram informing her that the son of family friends has died tragically. It begins to seem like too much of a coincidence to Georgie. Yet the victims didn't seem to have any connection to one another. Georgie returns to ZouZou, who puts the final nail in the coffin-she's sure that the deaths were not an accident and begs Georgie to solve the case. As Georgie begins investigating, she can't help worrying that her own husband, Darcy, may be next. She begins to suspect there might be a serial killer at work and as she delves deeper into the case, realizes that the young men may all share a link to a crime many years ago. Will Georgie solve the murders before it's too late for Darcy, and manage to find the perfect nanny all at the same time?"-- Provided by publisher.
650 #0 - SUBJECT ADDED ENTRY--TOPICAL TERM
Topical term or geographic name as entry element Mothers and sons
Form subdivision Fiction.
9 (RLIN) 5673695
650 #0 - SUBJECT ADDED ENTRY--TOPICAL TERM
Topical term or geographic name as entry element New mothers
Form subdivision Fiction.
9 (RLIN) 6359079
650 #0 - SUBJECT ADDED ENTRY--TOPICAL TERM
Topical term or geographic name as entry element Married people
Form subdivision Fiction.
9 (RLIN) 5673782
650 #0 - SUBJECT ADDED ENTRY--TOPICAL TERM
Topical term or geographic name as entry element Nannies
Form subdivision Fiction.
9 (RLIN) 5694280
650 #0 - SUBJECT ADDED ENTRY--TOPICAL TERM
Topical term or geographic name as entry element Serial murders
Form subdivision Fiction.
9 (RLIN) 5678480
650 #0 - SUBJECT ADDED ENTRY--TOPICAL TERM
Topical term or geographic name as entry element Murder
General subdivision Investigation
Form subdivision Fiction.
9 (RLIN) 5673630
651 #0 - SUBJECT ADDED ENTRY--GEOGRAPHIC NAME
Geographic name London (England)
Form subdivision Fiction.
9 (RLIN) 5673622
655 #7 - INDEX TERM--GENRE/FORM
Genre/form data or focus term Detective and mystery fiction
Source of term lcgft
9 (RLIN) 5683641
655 #7 - INDEX TERM--GENRE/FORM
Genre/form data or focus term Historical fiction.
Source of term lcgft
655 #7 - INDEX TERM--GENRE/FORM
Genre/form data or focus term Novels
Source of term lcgft
655 #7 - INDEX TERM--GENRE/FORM
Genre/form data or focus term Fiction
Source of term lcgft
9 (RLIN) 5673940
776 1# - ADDITIONAL PHYSICAL FORM ENTRY
Display text Online version
Main entry heading Bowen, Rhys
Title From cradle to grave
Place, publisher, and date of publication New York : Berkley Prime Crime, 2025
International Standard Book Number 9780593641415
Record control number (DLC) 2025027100
800 1# - SERIES ADDED ENTRY--PERSONAL NAME
Personal name Bowen, Rhys.
Title of a work Royal Spyness mysteries.
Numeration 19
9 (RLIN) 6555972
942 ## - ADDED ENTRY ELEMENTS (KOHA)
Source of classification or shelving scheme Dewey Decimal Classification
Koha item type BOOK
Holdings
Withdrawn status Lost status Source of classification or shelving scheme Damaged status Not for loan Collection code Home library Current library Shelving location Date acquired Source of acquisition Serial Enumeration / chronology Total Checkouts Total Renewals Full call number Barcode Date last seen Date checked out Cost, replacement price Price effective from Koha item type
    Dewey Decimal Classification     Fiction Wasatch County Library Wasatch County Library First Floor 11/18/2025 Ingram #19 Royal Spyness Mystery 3 3 F Bowen 34301002104471 03/10/2026 01/31/2026 30.00 11/18/2025 BOOK
This project was made possible through a grant from the Institute of Museum and Library Service administered by the Utah State Library Division.

Wasatch County Library

  • 465 East 1200 South, Heber City, Utah 84032
  • Phone 435-654-1511 | Fax 435-654-6456

Hours

  • Monday - Friday 9:30 AM - 8:00 PM
  • Saturday 9:30 AM - 1:30 PM
  • Closed Sundays and Holidays